|
|
|
|
| LEADER |
01997nam a2200505 a 4500 |
| 001 |
nkc20081787907 |
| 003 |
CZ PrNK |
| 005 |
20080808110225.0 |
| 007 |
ta |
| 008 |
080118s2007 xr ab e f 001 0 cze |
| 015 |
|
|
|a cnb001787907
|
| 020 |
|
|
|a 978-80-86600-45-1
|q (váz.)
|
| 035 |
|
|
|a (OCoLC)228779773
|
| 040 |
|
|
|a OLA001
|b cze
|d ABA001
|
| 043 |
|
|
|a e-xr---
|b e-xr-cc
|2 czenas
|
| 072 |
|
7 |
|a 502
|x Životní prostředí a jeho ochrana
|2 Konspekt
|9 2
|
| 080 |
|
|
|a 556.524
|2 MRF
|
| 080 |
|
|
|a 502.2
|2 MRF
|
| 080 |
|
|
|a (282.243.31)
|2 MRF
|
| 080 |
|
|
|a 908(437.31-191.2)
|2 MRF
|
| 080 |
|
|
|a (437.31-191.2)
|2 MRF
|
| 080 |
|
|
|a (0.062)
|2 MRF
|
| 100 |
1 |
|
|a Hradil, Radomil,
|d 1967-
|7 xx0002864
|4 aut
|4 pht
|
| 245 |
1 |
0 |
|a Rokytka :
|b putování k pramenům /
|c Radomil Hradil
|
| 246 |
3 |
0 |
|a Putování k pramenům - Rokytka
|
| 250 |
|
|
|a Vyd. 1.
|
| 260 |
|
|
|a Hranice :
|b Fabula,
|c 2007
|
| 300 |
|
|
|a 179 s . :
|b barev. il., mapy ;
|c 24 cm
|
| 504 |
|
|
|a Obsahuje bibliografii, bibliografické odkazy a rejstřík
|
| 650 |
0 |
7 |
|a potoky
|7 ph124421
|z Česko
|2 czenas
|
| 650 |
0 |
9 |
|a streams
|z Czechia
|2 eczenas
|
| 655 |
|
7 |
|a populárně-naučné publikace
|7 fd131864
|2 czenas
|
| 655 |
|
9 |
|a popular works
|2 eczenas
|
| 651 |
|
7 |
|a Rokytka (Vltava, Česko : potok : oblast)
|7 ge439665
|x přírodní poměry
|2 czenas
|
| 651 |
|
7 |
|a Rokytka (Vltava, Česko : potok : oblast)
|7 ge439665
|x vlastivěda
|2 czenas
|
| 651 |
|
7 |
|a Rokytka (Vltava, Česko : potok)
|7 ge439664
|2 czenas
|
| 651 |
|
9 |
|a Rokytka Stream (Vltava, Czechia)
|2 eczenas
|
| 651 |
|
9 |
|a Rokytka Stream Region (Vltava, Czechia)
|x description and travel
|2 eczenas
|
| 651 |
|
9 |
|a Rokytka Stream Region (Vltava, Czechia)
|x natural conditions
|2 eczenas
|
| 910 |
2 |
|
|a BOA001
|b 2-1209.088
|
| 990 |
|
|
|a BK
|
| 995 |
|
|
|a 01
|
| 991 |
|
|
|b 200808
|c NOV
|
| 996 |
6 |
|
|b 2610350527
|c 2-1209.088
|l MZK
|r Sklad / do 1 hodiny
|n 0
|p p.v.
|w 001071206
|u 000010
|a 1
|e BOA001
|j MZK50
|s P
|
| 996 |
7 |
|
|b 2610350528
|c 2-1209.088
|l MZK
|r Sklad / do 1 hodiny
|n 0
|p p.v.
|w 001071206
|u 000020
|a 1
|e BOA001
|j MZK50
|s A
|